Регионална библиотека "Любен Каравелов" - Русе

Блъф (Запис номер 330246)

MARC детайли
000 -Лидер
Контролно поле с фиксирана дължина 00801nam a2200253 4500
003 - Код на организацията, давaща контролен номер
Контролно поле BLK
005 - Дата и час на последна редакция
Контролно поле 20250304105041.0
008 - Елементи от данни с фиксирана дължина
fixed length control field 190412b bu ||||| |||| 00| 0 bu d
020 ## - Международен стандартен номер на книга ISBN
Международен стандартен номер на книга ISBN 978-954-28-2819-8
040 ## - Източник на каталожния запис
Идентификатор на билиотеката - собственик на записа BLK
041 ## - Код за език
Код за езика на текст/звукозапис или на отделно заглавие Български
Код за езика КДБФ Български
080 ## - УДК
Текстов определител УДК Българска литература
УДК код - определител по УДК 821.163.2
УДК - код + определител 821.163.2-31
100 ## - Редна дума - Автор
Автор Стоянов, Георги
Авторска отговорност първи автор
R(LIN) 1299
139 ## - Редно поле
Редна дума Стоянов, Георги
Авторски знак Стоя - С 83
245 ## - Сведения за заглавието
Заглавие Блъф
Подзаглавни данни Роман
Редно поле (дума) Георги Стоянов
260 ## - Област на издателските данни
9 (RLIN) 217021
Място на издаване, разпространение и проч. София
Име на издателя, разпространителя и проч. Сиела Норма
Година на издаване 2019
Издателство - префикс ISBN 978-954-28-
300 ## - Физическа характеристика
Страници 192 с.
Размери/Мащаб 21 см
380 ## - Жанр
Жанр Худож. лит.
852 ## - Местоположение
Фондова буква Заемна - подръчен фонд
Систематично-азбучна сигнатура П 886.7-31/С 83
856 ## - Електронен адрес и достъп
Инструкция (цена за достъп) 0.00
Права за достъп disable
999 ## - СИСТЕМНИ КОНТРОЛНИ НОМЕРА
Koha biblionumber 330246
Koha biblioitemnumber 330246
942 ## - АРТИКУЛИ
Скрит в OPAC Не
Вид на библиотечния материал Книги
Koha issues (borrowed), all copies 18
Периодичен библиозапис Да
999 ## - СИСТЕМНИ КОНТРОЛНИ НОМЕРА
Koha biblioitemnumber 330246
944 ## - СЪЗДАВАНЕ И РЕДАКЦИЯ на ЗАПИСА
Служител, извършил регистрацията/редакцията 30530
Статус, дата на статуса Минев Младен
Наличности
Код за отписване Код за изгубен артикул Източник на класификационната схема Код за повреда Код за отдаване Артикулен № Име на библиотеката - собственик Име на библиотеката, в която се намира в момента Статус (Текущо местоположение) Дата на вписване в системата Местоположение - отдел Цена в лева Систематично азбучна сигнатура Баркод Цена в евро Служебен тип на артикула Коз за рестрикции
  Не е изгубен Universal Decimal Classification Не е повреден заемане за дома 701403 Регионална библиотека "Любен Каравелов" Русе Регионална библиотека "Любен Каравелов" Русе Заемна - подръчен фонд 2019-04-16 Заемна - подръчен фонд 10.43 П 886.7-31/С 83 120000831297 5.33 Книги  
  Не е изгубен Universal Decimal Classification Не е повреден заемане за дома 750284 Регионална библиотека "Любен Каравелов" Русе Регионална библиотека "Любен Каравелов" Русе Заемна - подръчен фонд 2019-12-03 Заемна - подръчен фонд 9.73 П 886.7-31/С 83 120000838397 4.97 Книги без рестрикции
  Не е изгубен Universal Decimal Classification Не е повреден заемане за дома 750285 Регионална библиотека "Любен Каравелов" Русе Регионална библиотека "Любен Каравелов" Русе Заемна - подръчен фонд 2019-12-03 Заемна - подръчен фонд 9.73 П 886.7-31/С 83 120000838398 4.97 Книги без рестрикции
Vip Innovations Ltd, Rousse, Bulgaria 2025